| 000 | 00000nam##2200000za#4500 |
| 001 | 9.602655 |
| 003 | CaOODSP |
| 005 | 20210624210659 |
| 007 | cr ||||||||||| |
| 008 | 150406|2000||||xxc|||||o f|0| 0 fre|d |
| 040 | |aCaOODSP|bfre |
| 043 | |an-cn--- |
| 086 | 1 |aNH18-22/100-104F-PDF |
| 110 | 2 |aSociété canadienne d'hypothèques et de logement. |
| 245 | 10|aConsommation d'énergie des systèmes d'alimentation en air des corridors dans les immeubles d'appartements |h[ressource électronique] |
| 260 | |aOttawa - Ontario : |bSociété canadienne d'hypothèques et de logement |c[2000]. |
| 300 | |a4p.|bgraphiques |
| 490 | 1 |aLe point en recherche. Série technique |v00-104 |
| 590 | |a11-29-Supp|b2011-11-25 |
| 691 | 07|aBâtiment|2gcpds |
| 691 | 07|aConservation de l'énergie|2gcpds |
| 691 | 07|aChauffage|2gcpds |
| 775 | 08|tCorridor air ventilation system energy use in multi-unit residential buildings |w(CaOODSP)9.572274 |
| 776 | 0#|tConsommation d'énergie des systèmes d'alimentation en air des corridor dans les immeubles d'appartements |w(CaOODSP)9.625408 |
| 830 | #0|aLe point en recherche. Série technique ;|v00-104|w(CaOODSP)9.501067 |
| 856 | 40|ahttp://publications.gc.ca|qPDF|s422 Ko|uhttps://publications.gc.ca/collections/Collection/NH18-22-100-104F.pdf|y00-104 |